| 000 | 00895nam a2200301 a 4500 | ||
|---|---|---|---|
| 001 | 44388 | ||
| 003 | BD-RjUL | ||
| 005 | 20211209053840.0 | ||
| 008 | 1607-1s1970 nyua b 001 0 eng | ||
| 020 | _a0471361852 | ||
| 035 | _a(BD-RjUL)44506 | ||
| 040 |
_aDLC _cDLC _dDLC _dBD-RjUL _beng |
||
| 041 | _aeng | ||
| 082 | 0 | 0 |
_a338.5 _219 _bHAM 1970 |
| 100 | 1 |
_aHaveman, Robert H. _9136243 |
|
| 245 | 1 | 4 |
_aThe market system / _c[by] Robert H. Haveman [and] Kenyon A. Knopf. |
| 250 | _a2d ed. | ||
| 260 |
_aNew York : _bWiley, _c1970. |
||
| 300 |
_axvii, 269 p. _bill. _c22 cm. |
||
| 490 | 0 | _aIntroduction to economics series | |
| 504 | _aIncludes bibliographical references. | ||
| 650 | 0 |
_aPrices. _9136244 |
|
| 650 | 0 |
_aCompetition. _9130673 |
|
| 650 | 0 |
_aSupply and demand. _9136245 |
|
| 700 | 1 |
_aKnopf, Kenyon A., _ejoint author. _9136246 |
|
| 942 |
_2ddc _cBK |
||
| 999 |
_c44388 _d44388 |
||